| 000 | 00699nam a22001815i 4500 | ||
|---|---|---|---|
| 001 | 159745 | ||
| 003 | ES-MaACL | ||
| 005 | 20251122063130.0 | ||
| 008 | 970909s1865 sp |||| | spa d | ||
| 040 |
_aAR _bspa _cAR |
||
| 100 | 1 |
_aMiraflores, Manuel Pando Fernández de Pinedo, _cMarqués de _9129966 |
|
| 245 | 1 | 0 |
_aVida política del Marqués de Miraflores ... / _cescrita por él mismo. |
| 260 |
_aMadrid : _b[s.n.], _c1865 ( _fEstab. tip. de Eusebio Aguado) |
||
| 300 |
_aXII, 458, 242 p. ; _c28 cm. |
||
| 505 | 8 | _aContiene: Documentos justificativos, 242 últimas p. | |
| 852 |
_aES-MaACL _jF-13 _z-- Enc. hol. _z-- Ded. ms. del autor a ¿Carramolino? |
||
| 999 |
_c159745 _d159745 |
||